| 000 | 01228nam a2200253Ia 4500 | ||
|---|---|---|---|
| 003 | GCL | ||
| 008 | 140319s9999 xx 000 0 ara d | ||
| 020 | _a0396048977 | ||
| 040 |
_aGCL / _cGCL |
||
| 082 | 0 | 4 |
_a964 _bم م |
| 100 | 1 | _aمحمد على فهيم بيومى | |
| 245 | 1 | 0 |
_aالمغاربة فى المدينة المنورة ابان القرن الثانى عشر الهجرى\ الثامن عشر الميلادى / _cمحمد على فهيم بيومى |
| 250 | _aالاولى | ||
| 260 |
_aالقاهرة : _bدار القاهرة ، _c2006 |
||
| 300 |
_a263ص ؛ _c24سم |
||
| 650 | 0 | 4 | _aالمغرب - تاريخ |
| 650 | 0 | 4 | _aالمغاربة - الاحوال السياسية - المدينة المنورة |
| 650 | 0 | 4 | _aالمغاربة - الاحوال الاجتماعية - المدينة المنورة |
| 650 | 0 | 4 | _aالحجاج المغاربة |
| 650 | 0 | 4 | _aالمغاربة - الاحوال الاقتصادية - المدينة المنورة |
| 650 | 0 | 4 | _aالمغاربة - التنمية الثقافية - المدينة المنورة |
| 650 | 0 | 4 | _aالمغرب - تاريخ - القرن الثانى عشر الهجرى : الثامن عشر الميلادى |
| 942 |
_2ddc _cBK |
||
| 999 |
_c9675 _d9675 |
||